Дело о введении всеобщего обучения в Лаишевском уезде Казанской губернии Казанского учебного округа

Доступно только в Электронных читальных залах Найти на картеНа карте
RUSMARC
00004032nmc2a22002653x 450
00193410642-7fee-4ca0-bd6d-76c4110e75a5
00520210407023224.0
100##$a20200907l19081908k l0rusy0189 ca
1010#$arus
102##$aRU
105##$ae###
1222#$ad
2001#$aДело о введении всеобщего обучения в Лаишевском уезде Казанской губернии Казанского учебного округа
$j[1908] г.
$h[Часть 3]
215##$a51 л.
$cплан.
$d36,5х26 см
251##$cДело
300##$aПриложение
300##$aОриг. заголовок дела: Планы и сметы Лаишевского уезда Казанской губернии. [1908] г
371##$aДокумент не является опубликованным и широко распространяемым
461#0$1001a74412a3-3cc5-4d21-8f0a-dfe2fbd9e72d
$12001
$aДепартамент народного просвещения Министерства народного просвещения (1803-1917)
$1251
$cФонд
$1852
$j733
462#0$1001c9c0f809-e1ee-458c-a921-141b7f77403e
$12001
$aДела разряда по всеобщему обучению
$1251
$cОпись
$1852
$j186
5171#$aПланы и сметы Лаишевского уезда Казанской губернии. [1908] г
801#0$aRU
$bРГИА
$c20200907
$gRCR
801#1$aRU
$bГлавНИВЦ
$c20200907
$2rusmarc
801#2$aRU
$bПБ им. Б.Н. Ельцина
$c20210407
$gRCR
$2rusmarc
850##$aРГИА
852##$aРГИА
$eФедеральное казенное учреждение "Российский государственный исторический архив" (РГИА)
$j1480
937##$hРГИА
$d12344996
$aASBIBLIO_SCAN
035##$aRusGRCC00014691
856##$uhttp://readingroom.main.prlib.ru/item.aspx?id_node=n161380946&mode=full
Формат отображения